Score 0/30 Timer 01:30
0 Plays Today
% Correct
Leg
76.7%
Louisiana
74.7%
Lieutenant
73.6%
Lisa
72.6%
Lennon
72.6%
Liter
72.1%
Libra
71.9%
Linguine
71.7%
Leonardo
71.5%
Lettuce
70.7%
Lime
69.8%
LinkedIn
69.7%
Lamborghini
68.5%
Lithium
68.3%
Lobster
67.7%
% Correct
Linebacker
67.6%
Lucky Charms
67.5%
Lithuania
64.9%
Leviticus
64.7%
Lead pipe
61.9%
Lute
60.8%
Linus
59.9%
Lakers
59.9%
Literature
57.9%
Luge
57.8%
London
57.7%
Liverpool
57.2%
Lhasa Apso
55.2%
Lansing
50.7%
Lions
49.6%
Remove Ads.
Support Sporcle.
Get the best of Sporcle when you Go Orange. This ad-free experience offers more features, more stats, and more fun while also helping to support Sporcle. Thank you for becoming a member.

You're not logged in!

Compare scores with friends on all Sporcle quizzes.
OR
Log In

Sporcle TV

Today on Sporcle TV


Watch our educational content, quiz creation guides, and fun videos on Sporcle TV.

Show Comments

Extras

Created Jul 6, 2019ReportNominate
Tags:Blitz Quiz, Letter L

Top Quizzes Today


Score Distribution

Paid Content

Your Account Isn't Verified!

In order to create a playlist on Sporcle, you need to verify the email address you used during registration. Go to your Sporcle Settings to finish the process.

Report this User

Report this user for behavior that violates our Community Guidelines.

Details: